00629nam a2200205 a 4500001001300000003000900013005001700022008004100039020001200080082001500092100002200107245006200129260004900191300000900240500003500249505005200284650002500336650004000361700002200401nice12345678IN_TiNIC20260116013729.0050524s1995 newa grp 000 0 eng  ac852.500a297.5bREI aReinhart, A Kevin aBefore Revelationb the Boundaries of Uslim Moral Thought aNew YorkbState University of New Yorkc1995 a255p aincludes index and biblioraphy2 aSelrcted Bibliography, Abbreviation, Commentary aIslam-Moral Theology aIslamic-Law Interpretarion and Cons1 aReinhart, A Kevin